Retail marketing plans (Record no. 56416)

MARC details
000 -LEADER
fixed length control field 00529nam a2200145 a 4500
008 - FIXED-LENGTH DATA ELEMENTS--GENERAL INFORMATION
fixed length control field 120416s0000 ||||||||||||||||| || u
020 ## - INTERNATIONAL STANDARD BOOK NUMBER
International Standard Book Number 0750620218
050 ## - LIBRARY OF CONGRESS CALL NUMBER
Classification number HF 5429 Mac
100 ## - MAIN ENTRY--PERSONAL NAME
Personal name McDonald, Malcolm H. B
245 10 - TITLE STATEMENT
Title Retail marketing plans
246 ## - VARYING FORM OF TITLE
Title proper/short title how to prepare them, how to use them
260 ## - PUBLICATION, DISTRIBUTION, ETC.
Place of publication, distribution, etc. Oxford
Name of publisher, distributor, etc. Butterworth-Heinemann
Date of publication, distribution, etc. 1996
350 ## - PRICE (NR) (BK AM CF MU VM SE) [OBSOLETE]
Price 0.00
995 ## - RECOMMENDATION 995 [LOCAL, UNIMARC FRANCE]
-- 0.00
-- CBU-MAIN LIBRARY (Kitwe)
-- 1
-- 0.00
-- 1
-- AVAILABLE
-- Main Library Open Access Collection
Holdings
Withdrawn status Lost status Source of classification or shelving scheme Damaged status Not for loan Home library Current library Shelving location Date acquired Total Checkouts Full call number Barcode Date last seen Price effective from Koha item type
          CBU-MAIN LIBRARY, KITWE. CBU-MAIN LIBRARY, KITWE.   11/30/2022   HF 5429 Mac 027562 11/30/2022 11/30/2022 MONOGRAPH